00745nam a22002057a 4500999001900000005001700019010001500036020002600051035001400077037000900091082000600100100002300106245006400129260004400193270011300237300002000350700003300370942002000403952011600423 c186833d18683320220321121320.0 aENG-132033 a9789385471742c100.00 aEN-115565 bDBAD aN aJeevakumaran's, V. aGomathi/bV.Jeevakumaran's and Translated by S. Visweswaran aChennaibUnique Media Integratorsc2017 aNo. 8, 6th Cross, 8th Main Road, Vaishnavi Nagar, ThirumullaivoyalbChennaie600109mumi.infobooks@gmail.com a104pc21cm(pbk) aTranslated by S. Visweswaran 2ddccENhNmJEV 001040718FICaDBADbMd2022-03-21eDBAD/PUBg100.00l0oN JEVpEN-115565r2022-03-21 00:00:00t1v100.00yEN